| 000 | 00959nam a22002417a 4500 | ||
|---|---|---|---|
| 999 |
_c15943 _d15943 |
||
| 003 | AR-CdUCM | ||
| 008 | 190430b ||||| |||| 00| 0 spa d | ||
| 040 |
_aMUNICIPALIDAD PROVINCIAL DEL CUSCO _cBIBLIOTECA MUNICIPAL DEL CUSCO |
||
| 041 | _heng. | ||
| 082 |
_a338.018 / _bK49 |
||
| 100 |
_aKimball, Dexter Simpson _926899 |
||
| 245 | _aEconomía industrial / | ||
| 260 |
_aMéxico : _bFondo de Cultura Económica, _c1942. |
||
| 300 |
_a330 paginas ; _c20 cm. |
||
| 505 | _aContenido :Panorama de la industria --La revolución industrial --Los registros de los grandes inventos --Principios industriales básicos --Principios industriales básicos (continuación) | ||
| 650 |
_aEconomía industrial _935195 |
||
| 650 |
_aIndustrias _94471 |
||
| 650 |
_aOrganización, control _935196 |
||
| 700 |
_aMiguel Gleason Alvarez (traductor) _935197 |
||
| 700 |
_aManuel Bravo Jiménez (traductor) _935198 |
||
| 942 |
_2ddc _cLIBROS |
||
| 945 |
_arjall _d2019-04-30 |
||